The American Tradition in Qualitative Research : (Record no. 607526)

MARC details
000 -LEADER
fixed length control field 00534nam a2200193 a 4500
001 - CONTROL NUMBER
control field 1767765542642
003 - CONTROL NUMBER IDENTIFIER
control field YourLibrary
005 - DATE AND TIME OF LATEST TRANSACTION
control field 20260107144640.0
008 - FIXED-LENGTH DATA ELEMENTS--GENERAL INFORMATION
fixed length control field 260107s2001##################000#0#eng##
020 ## - INTERNATIONAL STANDARD BOOK NUMBER
International Standard Book Number 9780761969808
082 04 - DEWEY DECIMAL CLASSIFICATION NUMBER
Classification number 300.72073
Item number DEN.4
040 ## - CATALOGING SOURCE
Original cataloging agency YourLibrary
Language of cataloging eng
Transcribing agency YourLibrary
100 1# - MAIN ENTRY--PERSONAL NAME
Personal name Lincoln, Yvonna S,
Relator term author.
245 10 - TITLE STATEMENT
Title The American Tradition in Qualitative Research :
260 ## - PUBLICATION, DISTRIBUTION, ETC.
Name of publisher, distributor, etc. SAGE Publications Limited,
Date of publication, distribution, etc. 2001.
300 ## - PHYSICAL DESCRIPTION
Extent 448 pages
650 #0 - SUBJECT ADDED ENTRY--TOPICAL TERM
Topical term or geographic name entry element Reference.
942 ## - ADDED ENTRY ELEMENTS (KOHA)
Koha item type English Books
Holdings
Withdrawn status Lost status Damaged status Not for loan Home library Current library Shelving location Date acquired Total Checkouts Full call number Barcode Date last seen Price effective from Koha item type
        Anna Centenary Library Anna Centenary Library 3RD FLOOR, B WING 07.01.2026   300.72073 DEN.4 160036 07.01.2026 07.01.2026 English Books
        Anna Centenary Library Anna Centenary Library 3RD FLOOR, B WING 07.01.2026   300.72073 DEN.1 160033 07.01.2026 07.01.2026 English Books
        Anna Centenary Library Anna Centenary Library 3RD FLOOR, B WING 07.01.2026   300.72703 DEN.3 160035 07.01.2026 07.01.2026 English Books
        Anna Centenary Library Anna Centenary Library 3RD FLOOR, B WING 07.01.2026   300.72073 DEN.2 160034 07.01.2026 07.01.2026 English Books

Find us on the map